000 00656nam a2200181Ia 4500
008 100917s9999 xx 000 0 und d
082 _b64695
100 _aवैद्य गो. वि. - अनु.
245 _aखड्रगहस्त की सन्यस्त
260 _bसाहित्य आणि संस्कृती मंडळ प्रकाशन
_c1976
300 _a261
365 _b17
520 _aचरित्र
630 _aखड्रगहस्त की सन्यस्त
650 _aचरित्र
730 _aखड्रगहस्त की सन्यस्त
942 _cBOOK
999 _c670089
_d670086